Ceramic art of Japan / (Record no. 109610)

MARC details
000 -LEADER
campo de control de longitud fija 00609nam a2200205 4500
001 - NÚMERO DE CONTROL
campo de control 109610
003 - IDENTIFICADOR DE NÚMERO DE CONTROL
campo de control ES-MaACL
005 - FECHA Y HORA DE LA ÚLTIMA TRANSACCIÓN
campo de control 20230906184857.0
007 - CAMPO FIJO DE DESCRIPCIÓN FÍSICA--INFORMACIÓN GENERAL
campo de control de longitud fija t|
008 - DATOS DE LONGITUD FIJA--INFORMACIÓN GENERAL
campo de control de longitud fija 061121s1953 ja r ||||1| eng d
100 1# - ENTRADA PRINCIPAL--NOMBRE DE PERSONA
Nombre de persona Mitsucka, Tanadari.
9 (RLIN) 81711
245 10 - MENCIÓN DEL TÍTULO
Título Ceramic art of Japan /
Mención de responsabilidad, etc. by Tanadari Mitsucka.
260 ## - PUBLICACIÓN, DISTRIBUCIÓN, ETC.
Lugar de publicación, distribución, etc. Tokyo :
Nombre del editor, distribuidor, etc. Japan Travel Bureau,
Fecha de publicación, distribución, etc. 1953.
300 ## - DESCRIPCIÓN FÍSICA
Extensión 190 p., 38 lám. :
Otras características físicas il. ;
Dimensiones 18 cm.
490 1# - MENCIÓN DE SERIE
Mención de serie Tourist library ;
Designación de volumen o secuencia 8
710 2# - ENTRADA AGREGADA--NOMBRE DE ENTIDAD CORPORATIVA
Nombre de entidad corporativa o nombre de jurisdicción como elemento de entrada Japan Travel Bureau.
9 (RLIN) 5335
830 0# - PUNTO DE ACCESO ADICIONAL DE SERIE-TÍTULO UNIFORME
Título uniforme Tourist library ;
Designación de volumen o secuencia 8
9 (RLIN) 184006
852 ## - LOCALIZACIÓN
Ubicación ES-MaACL
Número de control de estantería C-12579
Sublocalización o colección R.40287
Holdings
Estatus retirado Estado de pérdida Estado de daño No para préstamo Biblioteca de origen Biblioteca actual Ubicación en estantería Fecha de adquisición Fuente de adquisición Total de préstamos Signatura topográfica completa Código de barras Visto por última vez Precio de reemplazo Tipo de ítem Koha
        Biblioteca del Ateneo de Madrid Biblioteca del Ateneo de Madrid Sala Palomar 17/01/2008     C-12579 1114365 23/02/2023 23/02/2023 Libro impreso